000 00352nam a2200133Ia 4500
008 240624s9999 xx 000 0 und d
041 _aeng
082 _a70.03 SAL
100 _aSALGANIK MATTHEW J
245 _aBIT BY BIT SOCIAL RESEARCH IN THE DIGITA
260 _c2018
_aNew Jersey
_bPrinceton University Press
300 _a423 p.
365 _c
_b33
999 _c32565
_d32565